| 000 | 00507nam a2200205 a 4500 | ||
|---|---|---|---|
| 999 |
_c5238 _d5238 |
||
| 001 | 5238 | ||
| 003 | BD-JhCC | ||
| 005 | 20171213094223.0 | ||
| 008 | 171211s2006 bg ||||| |||| 00| 0 eng d | ||
| 035 | _a(BD-JhCC)5238 | ||
| 040 |
_aBD-JhCC _dBD-JhCC |
||
| 041 | _aeng | ||
| 082 |
_a822.912 _bSHA 2006 |
||
| 100 | _aShaw, Bernard | ||
| 245 |
_a Arms and the Man : _ban anit-romantic comedy / _cBernard Shaw |
||
| 300 |
_a168 p. : _c17 cm. |
||
| 650 | _aEnglish Drama | ||
| 942 |
_2ddc _cBK |
||